Cidadania no brasil: o longo caminho (Record no. 171316)

MARC details
000 -LÍDER
campo de controle de tamanho fixo 00381 a2200157 4500
001 - NÚMERO DE CONTROLE
campo de controle 171316
020 ## - ISBN - INTERNATIONAL STANDARD BOOK NUMBER
ISBN - International Standard Book Number
040 ## - FONTE DA CATALOGAÇÃO
Instituição que transcreveu o registro Magnum
100 ## - ENTRADA PRINCIPAL--NOME PESSOAL
Nome pessoal Carvalho, Jose Murilo de
240 10 - TÍTULO UNIFORME
Título uniforme Cidadania no brasil: o longo caminho
Idioma da obra por
245 10 - TÍTULO
Título Cidadania no brasil: o longo caminho
362 0# - DATAS DE PUBLICAÇÃO E/OU DESIGNAÇÃO SEQUENCIAL
Datas de publicação e/ou designação sequencial 1899
440 #1 - DECLARAÇÃO DE SÉRIE/ENTRADA ADICIONADA--TÍTULO
Título Civilização Brasileira
697 ## - ENTRADA DE ASSUNTO LOCAL--ENTIDADE COLETIVA (RLIN)
Nome corporativo ou nome da jurisdição HISTORIA GERAL
942 ## - ELEMENTOS DE ENTRADA ADICIONADOS (KOHA)
Tipo de material Koha Livros
Holdings
Situação do descarte Situação das perdas Situação física Não pode ser emprestado Biblioteca de origem Biblioteca atual Data de aquisição Total de empréstimos Número de chamada completo Código de barras Data de último acesso Data do preço efetivo Tipo de material Koha
        Magnum Magnum 08/06/2024   LI.09298 MAG00016401 08/06/2024 08/06/2024 Livros